000 01393cam a22003857a 4500
003 CHAP
005 20220329142616.0
008 010926d2000 mx r 00110 spa d
010 _a85616
011 _a86588
020 _a848950346X
035 _a97127
040 _cCHAP
082 0 4 _a382
_bC32
100 0 0 _aCastellano Montero, Lino
_919984
245 1 3 _aEl IVA en el comercio internacional :
_bintercambio de bienes y servicios
_c/por Lino Castellano Montero
260 _aMadrid :
_bCámara de Comercio e Industria de Madrid
_c(2000)
300 _a182 p.
410 0 0 _aCámara de Comercio e Industria de Madrid
490 0 _aMonografías sobre comercio internacional
590 _aBATCH-UPD
_b10
_c20130110
_lUCH01
_h0403
590 _aBATCH-UPD
_b10
_c20130110
_lUCH01
_h1953
590 _aBATCH-UPD
_b10
_c20130410
_lUCH01
_h0037
590 _aBATCH-UPD
_b10
_c20130914
_lUCH01
_h0856
590 _aCONVERSION
_b10
_c20130109
_lUCH01
_h1348
650 1 4 _aComercio internacional.
_925641
650 1 4 _aExportación e importación.
_939074
650 1 4 _aImpuesto al valor agregado.
_957489
810 0 0 _aCámara de Comercio e Industria de Madrid
_924004
830 0 0 _aMonografías sobre comercio internacional
_977588
901 _aBK
905 _aAlejandra Carrasco M.
942 _cLIBRO
949 _a382 C32
_bBC
_cLIBRO
_d33724000863510
_eLIBRO
_h102445
_i97127
_kI.c/e
_si
_t$ 153.00
999 _c85616
_d85616